00739nam a2200217Ia 4500003000400000005001700004008004100021020001400062040000700076041000800083082002200091100003600113245005300149260003900202300001200241365001300253906008200266942001200348999001900360952014200379OSt20230316163510.0210423s2005 xx 000 0 und d a761934286 cAL aeng a302.23 223bBELB aBEL (Bernard);others,Ed.943149 aCommunication processes V1: media and mediation. aNew DelhibSage Publicationsc2005 a474bPB b795cINR a1: ; communication ; Media ; mediation. ; mediation: ; processes ; processes. 2ddccBK c155555d155555 001040708MAJMCaSACPGbSACPGd2008-07-17eHigginbothams Pvt Ltdg795.00l0o302.23 BELBpPG002027r2022-08-24 00:00:00w2021-04-26yBK